Statistiques concernant La Bible - Les chapitres du Nouveau Testament

Cliquez ici pour prendre le quiz!

Statistiques générales

  • Ce quiz a été pris 36 fois
  • Le résultat moyen est 20 sur 27

Statistiques - réponses

LivresNombre de chapitre(s)% Correct
Matthieu28
90%
Marc16
86%
Jean21
86%
Luc24
83%
Romains16
83%
1 Corinthiens16
83%
Actes des Apôtres28
79%
2 Corinthiens13
79%
Galates6
76%
Éphésiens6
76%
Philémon1
76%
Tite3
76%
2 Timothée4
72%
2 Thessaloniciens3
72%
1 Timothée6
72%
1 Thessaloniciens5
72%
Colossiens4
72%
Philippiens4
72%
1 Pierre5
69%
2 Pierre3
69%
Hébreux13
66%
Jacques5
66%
1 Jean5
66%
2 Jean1
66%
3 Jean1
66%
Jude1
62%
Apocalypse22
59%

Distribution des résultats

Percentile par nombre de réponses

% des personnes avec chaque résultat

Votre développement - résultats

Vous n’avez pas pris ce quiz